000 01114nmm a2200301 a 4500
001 ocm0002347718
003 TR-IsHL
005 20201028185652.0
008 191108s2019 tu tur
007 cr cn
020 _a9786057786142
035 _a2347718
_b(N$T)
050 0 4 _aHD6490.P782
_bD8 2019
090 0 4 _aHD6490.P782
_bD8 2019
245 1 0 _aÖrgütsel destek üzerinden psikolojik sözleşmeyi güçlendirmek
_h[electronic resource] /
_c ; Doç. Dr. Muhammet Düşükcan, Doç. Dr. Erkan Turan Demirel, Dr. Öğr. Üyesi Eray Ekin Sezgin
250 _a1. Baskı
260 _aKonya :
_bEğitim Yayınevi,
_c2019
300 _a135 p.
500 _aKaynakça sayfa:120
650 4 _aEğitim
650 4 _aEducation
650 0 _aÖrgütsel davranış
_x Psikolojik yönler
650 0 _aOrganizational behavior
_x Psychological aspects
650 7 _aBUSINESS & ECONOMICS / Organizational Behavior
_2bisacsh
700 1 _aDemirel, Erkan Turan
700 1 _aSezgin, Eray Ekin
856 4 0 _uhttp://search.ebscohost.com/login.aspx?direct=true&scope=site&db=e011xww&AN=2347718
999 _c21568
_d21568